Jeff Buckley Quiz - Statistics

General Stats
  • This quiz has been taken 160 times
  • The average score is 5 of 10
Answer Stats
Question Answer % Correct
What is the name of his only studio album? Grace
93%
How did he die? Drowning
76%
What was the name of his father? Tim Buckley
74%
What is his most famous song? Hallelujah
70%
What Lower Manhattan venue did Jeff regular? Sin-é
45%
Where was Jeff born? Anaheim, California
39%
Where did Jeff die? Wolf River, Memphis
39%
What guitar did Jeff mainly play? Fender Telecaster
28%
What band was he in? Gods and Monsters
22%
Who did Jeff reportedly propose to? Joan Wasser
20%
No matching quizzes found
Score Distribution
Percent of People with Each Score
Percentile by Number Answered
Your Score History
You have not taken this quiz